000 00683nam a2200277Ia 4500
005 20260324145258.0
008 008 260324s9999 xx 000 0 eng d
020 _a9781003079194
037 _aEBOOK
040 _aCRL
040 _beng
040 _cCRL
041 _2eng
041 _aeng
084 _qCRL
100 _aH. Schroeder-Lanz
_91222403
245 0 _aLate- and Postglacial Oscillations of Glaciers: Glacial and Periglacial Forms
260 _bTaylor and Francis
260 _c1983
365 _a
365 _b960
856 _uhttp://www.taylorfrancis.com/books/9781003079194
942 _cEBOOK
999 _c1830081
_d1830081